000 01173nam a22003017a 4500
005 20240530110349.0
008 141215s2001 ua o f b 000 0 ara d
017 _a3009/2001
_bمصر . دار الكتب المصرية
020 _a9771014293
040 _aEG-CaGPL
041 0 _aara
082 0 4 _221
_a615.842\
_bأ أ
100 0 _aاحمد الناغى
245 1 0 _aاشعة الليزر و استخداماتها فى الطب /
_cاحمد الناغى ، رشاد فؤاد السيد
250 _aط 1
260 _aالقاهرة :
_bدار الفكر العربى ،
_c2001
300 _a147 ص :
_bصور لو ؛
_c24 سم
490 0 _aسلسلة الفكر العربى للتنوير العلمى ،
_v3
504 _aببليوجرافية : ص 137 - 147
650 0 4 _aاشعة الليزر
650 0 4 _aشعة الليزر فى الطب
650 0 4 _aشعة الليزر
_xالتاثير الفسيولوجيى
650 0 4 _aالعلاج بالاشعة
650 0 4 _aشعة الليزر
_xتجارب
700 0 _aرشاد فؤاد السيد
_eمؤلف مشارك
942 _2ddc
_cBK
999 _c60042
_d60042